| 000 | 00578nam a22001937a 4500 | ||
|---|---|---|---|
| 003 | DO-SdBNP | ||
| 005 | 20221207142403.0 | ||
| 007 | ta | ||
| 008 | 110301s2006 dr a 000 0 spa d | ||
| 040 |
_aDO-SdBNP _bspa _cBNPHU |
||
| 082 | 4 |
_axxxx _bxxx |
|
| 245 | 0 | 0 |
_aFestival ACP : _bÁfrica Caribe Pacífico / |
| 260 |
_aSanto Domingo : _bGrupo de Estados de África, del Caribe y del Pacífico, _c[2006]. |
||
| 300 |
_a38 p. : _bil. _c30 cm. |
||
| 500 | _aFolleto en español, ingles y francés. | ||
| 590 | _aInventariado, 2022/ YL | ||
| 910 | _aYLockward | ||
| 942 |
_2ddc _cLF2 |
||
| 999 |
_c53086 _d53086 |
||